| 000 | 00653nam a2200145 a 4500 | ||
|---|---|---|---|
| 008 | 100111s2007 ||||||||||||||||| || u | ||
| 050 | _aUNESCO(02) | ||
| 110 | _aUnited Nations Educational, Scientific and Cultural Organization (UNESCO) | ||
| 245 | 1 | 0 | _aInternational Conference: Globalization: Challenges and Opportunities for Science and Technology |
| 260 |
_aParis _bUNITED NATIONS _c2007 |
||
| 300 | _a269p. ;ill | ||
| 350 | _a0.00 | ||
| 650 | _aSCIENCE AND TECHNOLOGY--CONGRESSES | ||
| 995 |
_D0.00 _FCBU-MAIN LIBRARY (Kitwe) _H1 _I0.00 _M1 _UAVAILABLE _WJan 26, 2010 _ZInternational Publications |
||
| 999 |
_c47321 _d47321 |
||